00987cam a2200313 a 450000100090000000300040000900500170001300800410003001000170007102000180008802000310010604000180013704200090015505000260016410000270019024500370021725000120025426000410026630000210030752100070032852600080033565000270034365000190037085600820038990600450047194200200051699900170053695201200055315107494ost20140310184514.0071210s2008 nyu c 000 1 eng  a 2007045036 a9780545052641 a9780545052658 (alk. paper) aDLCcDLCdDLC alcac00aPZ 7b.P61464Mel 20101 aPierce, Tamora.91964210aMelting stones /cTamora Pierce. a1st ed. aNew York :bScholastic Press,c2010. a312 p. ;c22 cm. aG3 c590 1aMagicvFiction.929307 1aFantasy.93293413Table of contents onlyuhttp://www.loc.gov/catdir/toc/ecip087/2007045036.html a7bcbccorignewd1eecipf20gy-gencatlg 2lcccBK-SCHOLAS c34921d34921 00102lcc40aLUXbLUXcSCHOd2013-10-16l0oPZ 7 .P61464Mel 2010pSCHO0386r2017-04-18 00:00:00t1w2013-10-16yBK